Statistiche per Personaggi serie TV - n. 3

Clicka qui per fare il quiz!

Statistiche generali

  • Questo quiz è stato fatto 48 volte
  • Il punteggio medio è 8 su 20

Statistiche sulle risposte

PersonaggioSerie% Corretto
Carmine Di SalvoMare fuori
72%
Pablo EscobarNarcos
72%
Gregory HouseDr. House - Medical Division
64%
FonzieHappy Days
59%
StewieI Griffin
59%
SpockStar Trek
56%
Maresciallo Nino CecchiniDon Matteo
51%
Hannah BakerTredici
51%
Paolo BittaCamera Cafè
44%
APretty Little Liars
33%
Geralt di RiviaThe Witcher
31%
Emma SwanC'era una volta (Once Upon a Time)
28%
Daniel La RussoCobra Kai
28%
Chloe DeckerLucifer
28%
Betty SuarezUgly Betty
23%
J.D.Scrubs
21%
Jessica "Jess" DayNew Girl
18%
Nick NelsonHeartstopper
15%
Dolores AbernathyWestworld - Dove tutto è concesso
13%
Beth HarmonLa regina degli scacchi
10%

Distribuzione punteggi

Percentile per numero di risposta

Percentuale di utenti per punteggio

I tuoi punteggi nel tempo

Non hai fatto questo quiz